Juan Palomo (Record no. 92)

MARC details
000 -LEADER
campo de control de longitud fija 01053nas a2200265 i 4500
001 - NÚMERO DE CONTROL
campo de control 92
003 - IDENTIFICADOR DE NÚMERO DE CONTROL
campo de control ES-MaACL
005 - FECHA Y HORA DE LA ÚLTIMA TRANSACCIÓN
campo de control 20250822100003.0
008 - DATOS DE LONGITUD FIJA--INFORMACIÓN GENERAL
campo de control de longitud fija 950801d18691874cu | p | 1 ||pa d
080 ## - NÚMERO DE LA CLASIFICACIÓN DECIMAL UNIVERSAL
Número de la Clasificación Decimal Universal 729.1
245 00 - MENCIÓN DEL TÍTULO
Título Juan Palomo
Resto del título : semanario satírico /
Mención de responsabilidad, etc. dibujante caricaturista, Víctor P. Landaluze (D. Junípero).
260 ## - PUBLICACIÓN, DISTRIBUCIÓN, ETC.
Lugar de publicación, distribución, etc. Habana :
Nombre del editor, distribuidor, etc. Juan Palomo,
Fecha de publicación, distribución, etc. 1869-1874 (
Fabricante Imp. del Comercio)
300 ## - DESCRIPCIÓN FÍSICA
Extensión 1 v. :
Otras características físicas il. ;
Dimensiones 39 cm.
310 ## - PERIODICIDAD ACTUAL
Periodicidad actual Semanal
362 0# - FECHAS DE PUBLICACIÓN Y/O DESIGNACIÓN SECUENCIAL
Fecha de publicación y/o designación secuencial Año 1 n. 1 (7 nov. 1869)-año 5, n. 16 (15 abril 1874)
530 ## - NOTA DISPONIBLE DE FORMULARIO FÍSICO ADICIONAL
Nota de formato físico adicional disponible Disponible en formato digital.
594 ## - Nota al título y mención de responsabilidad
Nota al título y mención de responsabilidad Variaciones en el subtít.
597 ## - NOTA DE DESCRIPCIÓN FÍSICA
NOTA DE DESCRIPCIÓN FÍSICA Encuadernado con: L'Echange: journal de l'Association pour la liberté des Echanges.
650 #7 - PUNTO DE ACCESO ADICIONAL DE MATERIA--TÉRMINO DE MATERIA
Término de materia o nombre geográfico como elemento de entrada Sátira
Fuente del encabezamiento o término embne
9 (RLIN) 16997
700 1# - ENTRADA AGREGADA--NOMBRE PERSONAL
Nombre de persona Landaluze, Víctor Patricio de,
Fechas asociadas al nombre 1828-1889
9 (RLIN) 147991
852 4# - LOCALIZACIÓN
Ubicación ES-MaACL
Número de control de estantería G-4411(2)
856 4# - LOCALIZACIÓN Y ACCESO ELECTRÓNICOS
Identificador Uniforme de Recursos <a href="http://www.memoriademadrid.es/buscador.php?accion=VerFicha&id=307098&num_id=1&num_total=1">http://www.memoriademadrid.es/buscador.php?accion=VerFicha&id=307098&num_id=1&num_total=1</a>
Nota pública Memoria de Madrid
-- (1869-1872)
866 #0 - MENCIÓN TEXTUAL DE FONDOS--UNIDAD BIBLIOGRÁFICA BÁSICA
Fondos 1869-70.
Holdings
Estatus retirado Estado de pérdida Estado de daño No para préstamo Colección Biblioteca de origen Biblioteca actual Ubicación en estantería Fecha de adquisición Fuente de adquisición Total de préstamos Signatura topográfica completa Código de barras Visto por última vez Precio de reemplazo Tipo de ítem Koha
        Colección digital Biblioteca del Ateneo de Madrid Biblioteca del Ateneo de Madrid Depósito 2 17/01/2008     G-4411 1000092 23/02/2023 23/02/2023 Revista